Europäische Hauptstädte nach Buchstaben- D - Statistiken

Allgemein
  • Dieses Quiz wurde 116 mal gespielt
    107 seit der letzten Aktualisierung
  • Das Durchschnittsergebnis liegt bei 8 aus 9
Antwortstatistiken
Antwort % Korrekt
Dublin
94%
Madrid
93%
Amsterdam
92%
Budapest
89%
London
89%
Andorra la Vella
79%
Belgrad
74%
Podgorica
74%
Vaduz
67%
Keine übereinstimmenden Quizze gefunden
Verteilung der Resultate
Anzahl Personen mit jedem Resultat
Perzentil nach korrekt beantworteten Fragen
Ihre Resultats-Entwicklung
Sie haben dieses Quiz seit der letzten Aktualisierung nicht gespielt